000 00451nam a2200181Ia 4500
001 31969
003 IN-NITTTR
005 20251114233426.0
008 251113s9999||||xx |||||||||||||| ||eng||
040 _beng
040 _cIN-NITTTR
041 _aeng
082 _a690.24 G11B
100 _aGahlot, P. S.
245 0 _aBuilding repair and maintenance management /
_cGahlot, P. S., Sharma, Sanjay
700 _a Sharma, Sanjay
942 _2ddc
_cBK
999 _c34599
_d34599